[Event "AUTO-OPEN-2630"]
[Site "http://www.queenalice.com/game.php?id=1037989"]
[Date "2012.3.10"]
[Round "1"]
[White "coutovet"]
[Black "JMendess"]
[Result "0-1"]
[WhiteElo "1820"]
[BlackElo "1425"]

1. e4 c5 2. Nf3 d6 3. d4 cxd4 4. Nxd4 Nf6 5. Nc3 g6 6. Nf3 Nc6 7. h3 Be6 8. Bf4
Nh5 9. Bh2 Bg7 10. Qd2 Qa5 11. Be2 Bxc3 12. Qxc3 Qxc3+ 13. bxc3 a6 0-1

[Event "AUTO-OPEN-2630"]
[Site "http://www.queenalice.com/game.php?id=1037990"]
[Date "2012.3.10"]
[Round "1"]
[White "JMendess"]
[Black "coutovet"]
[Result "1-0"]
[WhiteElo "1504"]
[BlackElo "1820"]

1. e4 e5 2. Nf3 d6 3. d4 exd4 4. Nxd4 c5 5. Nf3 h6 6. Nc3 a6 7. Bc4 Nc6 8. O-O
Nf6 9. a4 Be7 10. h3 O-O 11. Qe2 Be6 12. Rd1 Bxc4 13. Qxc4 Na5 14. Qe2 1-0

[Event "Challenge"]
[Site "http://www.queenalice.com/game.php?id=1038111"]
[Date "2012.3.11"]
[Round "-"]
[White "R0ni"]
[Black "JMendess"]
[Result "1/2-1/2"]
[WhiteElo "2544"]
[BlackElo "1611"]

1. d4 Nf6 2. c4 g6 3. Nc3 Bg7 4. Nf3 O-O 5. e4 d6 6. Be2 e5 7. Be3 Ng4 8. Bg5 f6
9. Bh4 g5 10. Bg3 Nc6 11. d5 Nd4 12. Nxd4 exd4 13. Qxd4 f5 14. Qd1 Bxc3+ 15.
bxc3 Nf6 16. exf5 Ne4 17. Rc1 Qf6 18. Qd4 Bxf5 19. O-O a5 20. Bh5 Ra6 21. Rfe1
Qxd4 22. cxd4 Rb6 23. Bd1 Rb2 24. Re2 Rxe2 25. Bxe2 Re8 26. Bf1 h5 27. f3 Nxg3
28. hxg3 Re3 29. c5 Ra3 30. Bc4 Kg7 31. Bb3 Kf6 32. Rd1 b5 33. cxb6 cxb6 34. Rc1
b5 35. g4 hxg4 36. fxg4 Bxg4 37. Rc6 Ke7 38. Rc7+ Bd7 39. Ra7 Kd8 40. Kh2 g4 41.
Ra8+ Ke7 42. Ra7 Kd8 43. Ra8+ Kc7 44. Ra7+ Kc8 45. Kg1 a4 46. Kf2 Bf5 47. Bd1
Rxa2+ 48. Kg3 Rd2 49. Bxg4 Bxg4 50. Kxg4 Rxd4+ 51. Kf5 Rxd5+ 52. Kf6 Kb8 53. Ra5
Kc7 54. g4 Kb6 55. Ra8 Rd1 56. g5 Rf1+ 57. Ke7 Rg1 58. Kf6 Kc5 59. g6 Rf1+ 60.
Ke6 Re1+ 61. Kf6 Rg1 62. g7 Kc4 63. g8=Q+ Rxg8 64. Rxg8 b4 65. Ra8 Kb3 66. Ke6
Ka3 67. Kxd6 b3 68. Rg8 b2 69. Rg1 Ka2 70. Kc5 a3 1/2-1/2

[Event "AUTO-OPEN-2631"]
[Site "http://www.queenalice.com/game.php?id=1038334"]
[Date "2012.3.12"]
[Round "1"]
[White "celsolrc"]
[Black "JMendess"]
[Result "0-1"]
[WhiteElo "2119"]
[BlackElo "1569"]

1. c4 e5 2. Nc3 Nf6 3. g3 Nc6 4. Bg2 Bc5 5. d3 O-O 6. a3 a5 7. Rb1 Qe7 8. e3 d6
9. Nge2 Bf5 10. O-O Rfe8 11. h3 Qd7 12. Kh2 Bg6 13. b3 Rab8 14. f4 exf4 15. Nxf4
Bxe3 16. Bxe3 Rxe3 17. Ncd5 Nxd5 18. Bxd5 Nd4 19. Rf2 c6 20. Nxg6 cxd5 21. Nh4
Rbe8 22. Qh5 Rxd3 23. Rbf1 g6 24. Qg4 Qxg4 25. hxg4 Nxb3 26. Rxf7 dxc4 27. Rxb7
Nc5 28. Ra7 c3 29. Rff7 Ne6 30. Rxh7 c2 31. Nxg6 Rd2+ 32. Kg1 c1=Q# 0-1

[Event "AUTO-OPEN-2631"]
[Site "http://www.queenalice.com/game.php?id=1038335"]
[Date "2012.3.12"]
[Round "1"]
[White "JMendess"]
[Black "celsolrc"]
[Result "1-0"]
[WhiteElo "1569"]
[BlackElo "2119"]

1. e4 e6 2. e5 d5 3. exd6 cxd6 4. Nf3 Nc6 5. d4 Nf6 6. Nc3 Be7 7. Bd3 Bd7 8. O-O
O-O 9. d5 Nb4 10. dxe6 fxe6 11. Bc4 d5 12. Bb3 Bd6 13. Bg5 Qc7 14. h3 a6 15. a3
Nc6 16. Re1 Ne5 17. Bxf6 Rxf6 18. Nxe5 Bxe5 19. Nxd5 Bh2+ 20. Kh1 exd5 21. Re2
Raf8 22. Bxd5+ Kh8 23. Qe1 Qd6 24. c4 Bf4 25. Bxb7 Rh6 26. Rd1 Qc7 27. Bd5 Bxh3
28. gxh3 Rxh3+ 29. Kg1 Bd2 30. Re8 Qh2+ 31. Kf1 Qf4 32. Rxf8+ Qxf8 33. Rxd2 h6
34. Qe6 Rg3 35. Qxa6 h5 36. Qa8 Qxa8 37. Bxa8 Rg4 38. Rd5 g6 39. c5 Rh4 40. b3
1-0

[Event "AUTO-OPEN-2631"]
[Site "http://www.queenalice.com/game.php?id=1038362"]
[Date "2012.3.12"]
[Round "1"]
[White "BeHappy"]
[Black "JMendess"]
[Result "1/2-1/2"]
[WhiteElo "2440"]
[BlackElo "1634"]

1. e4 c5 2. Nf3 d6 3. d4 cxd4 4. Nxd4 Nf6 5. Nc3 g6 6. Be2 Bg7 7. O-O O-O 8. f4
Nc6 9. Kh1 Nxd4 10. Qxd4 a6 11. Qd3 b5 12. Bf3 Be6 13. Nd5 Rc8 14. c3 Nxd5 15.
exd5 Bf5 16. Qe2 b4 17. g4 Bd7 18. Qxa6 bxc3 19. bxc3 Rxc3 20. Rb1 Qc7 21. h3
Qc5 22. Qb7 Bc8 23. Qb6 Rxf3 24. Rxf3 Qxd5 25. Qb3 Qc6 26. Kg2 Be6 27. Qb5 Qc2+
28. Rf2 Bd5+ 29. Qxd5 Qxb1 30. Be3 Rc8 31. a4 e6 32. Qxd6 Qe4+ 33. Rf3 Qxa4 34.
Bf2 Qe4 35. Qd3 Qa8 36. Qa3 Qc6 37. Qb3 Re8 38. Qb6 Qa8 39. Qa7 Qd5 40. Qc5 Qe4
41. Qe3 Qa4 42. Qb3 Qa1 43. Kg3 Qh1 44. Qb5 Ra8 45. Qe2 Ra1 46. Rb3 h6 47. Qf3
Qxf3+ 48. Kxf3 g5 49. fxg5 hxg5 50. Rb8+ Kh7 51. Rb7 Kg6 52. Re7 Be5 53. Kg2 Ra2
54. Kf3 Ra3+ 1/2-1/2

[Event "AUTO-OPEN-2631"]
[Site "http://www.queenalice.com/game.php?id=1038363"]
[Date "2012.3.12"]
[Round "1"]
[White "JMendess"]
[Black "BeHappy"]
[Result "0-1"]
[WhiteElo "1634"]
[BlackElo "2446"]

1. e4 c6 2. d4 d5 3. Nc3 dxe4 4. Nxe4 Bf5 5. Ng3 Bg6 6. h4 h6 7. h5 Bh7 8. Nf3
Nf6 9. Bc4 e6 10. Bf4 Be7 11. Qe2 a5 12. a4 Nbd7 13. O-O O-O 14. Rad1 Nd5 15.
Bc1 Bh4 16. Bb3 Rb8 17. c4 Nb4 18. Bf4 Rc8 19. Ne4 Bxe4 20. Qxe4 Be7 21. Rfe1
Nf6 22. Qe5 Qb6 23. c5 Qd8 24. Bxe6 fxe6 25. Qxe6+ Kh7 26. Bxh6 Kxh6 27. Qf5 Qe8
28. Rxe7 Qxh5 29. Qxh5+ Nxh5 30. Rxb7 Rb8 31. Rd7 Nd5 32. Rd6+ Rf6 33. Ne5 Rxb2
34. Ng4+ Kg6 35. Nxf6 Nhxf6 36. Rxc6 Ra2 37. Re6 Rxa4 38. Kf1 Ra2 39. Ree1 Ng4
40. Re2 Rxe2 41. Kxe2 Nc3+ 42. Ke1 Nxd1 43. c6 Ndxf2 44. c7 Nd3+ 45. Kd2 Nf4 46.
c8=Q Nf6 47. Qc7 N4d5 48. Qxa5 Kf5 49. Kd3 Kg4 50. Kc4 Ne3+ 51. Kc5 Nxg2 52. d5
Nf4 53. d6 Ne6+ 54. Kc6 Nd4+ 55. Kb7 Nf5 56. d7 Nxd7 57. Qa4+ Kg5 58. Qxd7 Kf6
59. Kc6 Ke5 60. Qe8+ Kf4 61. Kd5 g6 62. Qe4+ Kg5 63. Ke5 Nh6 64. Ke6 Nf5 0-1

[Event "AUTO-OPEN-2631"]
[Site "http://www.queenalice.com/game.php?id=1038382"]
[Date "2012.3.12"]
[Round "1"]
[White "JMendess"]
[Black "bonow"]
[Result "1-0"]
[WhiteElo "1387"]
[BlackElo "2245"]

1. e4 e5 2. Nf3 Nc6 3. Bb5 a6 4. Ba4 Nf6 5. O-O Be7 6. Re1 b5 7. Bb3 d6 8. h3
O-O 9. c3 Bb7 10. d4 Re8 11. Nbd2 Bf8 12. a4 Qd7 13. Ng5 d5 14. exd5 Na5 15.
dxe5 Nxd5 16. Bc2 g6 17. Ndf3 Nc4 18. b3 Ncb6 19. Ne4 Qe6 20. Bd3 Bc6 21. Qe2
bxa4 22. Neg5 Nxc3 23. Qc2 Qxb3 24. Qxb3 axb3 25. Rxa6 Red8 26. Rxa8 Bxa8 27. e6
fxe6 28. Ne5 Nd7 29. Ng4 Nc5 30. Bc4 h5 31. Bxe6+ Nxe6 32. Nf6+ Kh8 33. Nxe6 1-0

[Event "AUTO-OPEN-2631"]
[Site "http://www.queenalice.com/game.php?id=1038383"]
[Date "2012.3.12"]
[Round "1"]
[White "bonow"]
[Black "JMendess"]
[Result "0-1"]
[WhiteElo "2242"]
[BlackElo "1569"]

1. e4 c5 2. Nf3 d6 3. d4 cxd4 4. Nxd4 Nf6 5. Nc3 g6 6. Be3 Bg7 7. Bb5+ Nbd7 8.
O-O O-O 9. Qd3 Nc5 10. Qe2 a6 11. Bd3 Nxd3 12. cxd3 Ng4 13. Rac1 Nxe3 14. Qxe3
e5 15. Nf3 Be6 16. Rfd1 f5 17. exf5 Bxf5 18. d4 Qb6 19. b3 Rae8 20. Nd5 Qd8 21.
dxe5 dxe5 22. Nc7 Qe7 23. Nxe8 Rxe8 24. Qb6 e4 25. Rc7 Qf6 26. Qxf6 Bxf6 27. Ne1
Bg4 28. Rxb7 Bxd1 29. Rb6 Bc3 30. Rd6 Be2 31. Nc2 Rc8 32. h3 Bb2 33. Nb4 Rc1+
34. Kh2 Be5+ 35. g3 Bf3 36. h4 Rh1# 0-1

[Event "AUTO-BEG-527"]
[Site "http://www.queenalice.com/game.php?id=1039587"]
[Date "2012.3.16"]
[Round "1"]
[White "ebpap123"]
[Black "JMendess"]
[Result "0-1"]
[WhiteElo "1154"]
[BlackElo "1354"]

1. e4 c5 2. Nf3 Nc6 3. Bb5 g6 4. c3 Bg7 5. O-O Nf6 6. Re1 Qb6 7. Bc4 e6 8. Bb3
O-O 9. Bc2 d5 10. exd5 exd5 11. d3 Bf5 12. h3 Rad8 13. Nbd2 Nd7 14. b3 Bxc3 15.
Rb1 Qa6 16. Bb2 Bxb2 17. g4 Bxd3 18. Rxb2 Bxc2 19. Qxc2 Nb4 0-1

[Event "AUTO-BEG-527"]
[Site "http://www.queenalice.com/game.php?id=1039588"]
[Date "2012.3.16"]
[Round "1"]
[White "JMendess"]
[Black "ebpap123"]
[Result "1-0"]
[WhiteElo "1387"]
[BlackElo "1146"]

1. e4 c5 2. Nf3 d6 3. d4 cxd4 4. Nxd4 Nf6 5. Nc3 e6 6. Be2 a6 7. O-O Be7 8. Be3
O-O 9. f4 Nc6 10. Qe1 Qc7 11. Qg3 Kh8 12. Rad1 b5 13. a3 Bb7 14. Bf3 Rab8 15.
Rd3 Na5 16. b3 Nc6 17. f5 e5 18. Nxc6 Bxc6 19. Qf2 Qb7 20. Bg5 Rfe8 21. Rfd1 h6
22. Bxf6 gxf6 23. Qh4 Kh7 24. Bh5 Rf8 25. Rh3 Kh8 26. Be2 1-0

[Event "AUTO-BEG-527"]
[Site "http://www.queenalice.com/game.php?id=1039603"]
[Date "2012.3.16"]
[Round "1"]
[White "jhwickboldt"]
[Black "JMendess"]
[Result "0-1"]
[WhiteElo "1167"]
[BlackElo "1407"]

1. e4 c5 2. Bc4 e6 3. d3 d5 4. Bb5+ Nc6 5. Nc3 d4 6. Nce2 Qa5+ 7. Bd2 Qxb5 8. b3
Nf6 9. Nf4 Bd6 10. g3 Bd7 11. c4 dxc3 12. Bxc3 Nb4 13. e5 Nfd5 14. Nge2 Nxc3 15.
Nxc3 Qc6 16. Ne4 Bxe5 17. Rc1 Bxf4 18. gxf4 Qd5 19. Qe2 Nxd3+ 20. Kf1 Nxc1 21.
Qc2 Bb5+ 22. Kg2 Bd3 23. Qxc5 Bxe4+ 24. Kg1 Qd1# 0-1

[Event "AUTO-BEG-527"]
[Site "http://www.queenalice.com/game.php?id=1039604"]
[Date "2012.3.16"]
[Round "1"]
[White "JMendess"]
[Black "jhwickboldt"]
[Result "1-0"]
[WhiteElo "1569"]
[BlackElo "1094"]

1. e4 e5 2. Nf3 Nc6 3. Bc4 Nf6 4. Nc3 Qe7 5. Qe2 a6 6. a4 Nd4 7. Nxd4 b6 8. Nf5
Qc5 9. Bb3 g6 10. Ne3 Bb7 11. Ned5 Nh5 12. d4 exd4 13. g4 Bxd5 14. Nxd5 Ng7 15.
Bd2 Ne6 16. Bb4 Qc6 17. Bxf8 Rxf8 18. Nf6+ Kd8 19. Bd5 Nf4 20. Bxc6 Nxe2 21.
Nxd7 Ke7 22. Nxf8 Rxf8 23. Kxe2 Kd6 24. Bb7 Re8 25. a5 Rb8 26. Bxa6 c5 27. Bc4
f6 28. a6 Ke5 29. Bd5 1-0

[Event "AUTO-BEG-527"]
[Site "http://www.queenalice.com/game.php?id=1039613"]
[Date "2012.3.16"]
[Round "1"]
[White "petrucius"]
[Black "JMendess"]
[Result "0-1"]
[WhiteElo "927"]
[BlackElo "1611"]

1. d4 Nf6 2. Nf3 g6 3. g4 Nxg4 4. h3 Nf6 5. c4 Bg7 6. Nc3 d6 7. b4 c6 8. Nh4 O-O
9. f4 e5 10. fxe5 Nd5 11. cxd5 Qxh4+ 12. Kd2 Qxd4+ 13. Kc2 Bf5+ 14. e4 Bxe4+ 15.
Nxe4 Qxe4+ 16. Qd3 Qxh1 17. Qf3 Qxf3 18. dxc6 Nxc6 19. b5 Nb4+ 20. Kb1 Qc3 21.
a3 Qc2# 0-1

[Event "AUTO-BEG-527"]
[Site "http://www.queenalice.com/game.php?id=1039614"]
[Date "2012.3.16"]
[Round "1"]
[White "JMendess"]
[Black "petrucius"]
[Result "1-0"]
[WhiteElo "1569"]
[BlackElo "969"]

1. e4 e5 2. Nf3 d6 3. d4 c6 4. Bc4 Qa5+ 5. Bd2 Qa4 6. b3 b5 7. Bxf7+ Kxf7 8.
Ng5+ Kf6 9. Qf3+ Ke7 10. Qf7+ Kd8 11. bxa4 Be7 12. Ba5+ Kd7 13. Qe6+ Ke8 14.
Qxc8+ Bd8 15. Qxd8# 1-0

[Event "sorim-2"]
[Site "http://www.queenalice.com/game.php?id=1043490"]
[Date "2012.3.28"]
[Round "1"]
[White "JMendess"]
[Black "Gabriel_HD"]
[Result "1-0"]
[WhiteElo "1569"]
[BlackElo "1881"]

1. e4 e5 2. f4 exf4 3. Nf3 Nf6 4. e5 Qe7 5. Qe2 Ng4 6. h3 Nh6 7. d4 d5 8. Bxf4
Nc6 9. Bxh6 gxh6 10. Nc3 Be6 11. a3 O-O-O 12. b4 Rg8 13. Na4 f6 14. Nc5 fxe5 15.
Qb5 b6 16. Qa6+ 1-0